000 00602nam a2200193 a 4500
003 OSt
005 20240223122736.0
008 180420t2004 xxu||||| |||| 00| 1 urd d
040 _c0
082 _a891.4398
_bZAK 2004
100 1 0 _aزکريامائل،محمّد
_9121245
245 1 0 _aسلجوق نامہ
_cM Zakriya Mahil
246 _aSaljok Nama
260 _aLahore:
_bUrdu Science Bord;
_c2004.
300 _a358p. :
650 _aUrdu literature
_vFiction
_9121240
942 _2ddc
_cBK
_aSADA
_k891.4398 ZAK 2004
999 _c608094
_d608094